Geography Quiz

Random Geography or World Quiz
Score 0/20 Timer 04:00
0 Plays Today
Country Answer % Correct
EnglandLondon
99%
U.S.A.New York
99%
UAEDubai
95.9%
SingaporeSingapore
95.9%
FranceParis
95.9%
JapanTokyo
95.9%
SwitzerlandZurich
93.8%
AustraliaSydney
92.8%
IsraelJerusalem
92.8%
BrazilRio de Janeiro
90.7%
Country Answer % Correct
KuwaitKuwait City
89.7%
ChinaHong Kong
89.7%
SwitzerlandGeneva
88.7%
U.S.A.Miami
88.7%
IsraelTel Aviv
88.7%
ScotlandEdinburgh
85.6%
Saudi ArabiaRiyadh
82.5%
IcelandReykjavik
81.4%
U.S.A.San Francisco
80.4%
QatarDoha
79.4%
Remove Ads.
Support Sporcle.
Get the best of Sporcle when you Go Orange. This ad-free experience offers more features, more stats, and more fun while also helping to support Sporcle. Thank you for becoming a member.

You're not logged in!

Compare scores with friends on all Sporcle quizzes.
OR
Log In

Show Comments

Extras

Top Quizzes Today


Score Distribution

Your Account Isn't Verified!

In order to create a playlist on Sporcle, you need to verify the email address you used during registration. Go to your Sporcle Settings to finish the process.

Report this User

Report this user for behavior that violates our Community Guidelines.

Details: